| 000 | 00802nam a2200229Ia 4500 | ||
|---|---|---|---|
| 003 | GCL | ||
| 008 | 140319s9999 xx 000 0 ara d | ||
| 040 |
_aGCL / _cGCL |
||
| 082 | 0 | 4 |
_aم _b403 _bو ق |
| 100 | 1 | _aوجيه احمد عبدالرحمن | |
| 245 | 1 | 0 |
_aالقاموس الوجيز فى الجذور العلمية لاتينى يونانى انجليزى عربى / _cوجيه احمد عبدالرحمن |
| 260 |
_aبيروت : _bمكتبة لبنان ، _c1992 |
||
| 300 | _a83 ص | ||
| 490 | _a | ||
| 650 | 0 | 4 | _aاللغة اليونانية معاجم |
| 650 | 0 | 4 | _aاللغة العربية |
| 650 | 0 | 4 | _aالمعاجم |
| 650 | 0 | 4 | _aاللغة اللاتينية |
| 650 | 0 | 4 | _aالمصطلحات العلمية |
| 650 | 0 | 4 | _aاللغة اليونانية |
| 942 |
_2ddc _cBK |
||
| 999 |
_c33019 _d33019 |
||